Poland's quest for economic stabilisation, 1988-91: interaction of political economy and economics.

Poľský stabilizačný program z januára 1990 - podrobný výklad. Mesačné zmeny v tempách rastu cien a miezd 1990 v porovnaní s r. 1988-1989. Vývoj reálnych výmenných kurzov a reálnej diskontnej sadzby 1987-1990. Mesačné zmeny v tempe rastu inflácie.

Uložené v:
Podrobná bibliografia
Hlavný autor: Milanovic, B.
Médium: Kapitola
Jazyk:English
Predmet:
Tagy: Pridať tag
Žiadne tagy, Buďte prvý, kto otaguje tento záznam!

MARC

LEADER 00000naa a2200000 4500
001 r009678
005 20221213085306.3
041 0 |a eng 
044 |a GB 
245 1 0 |a Poland's quest for economic stabilisation, 1988-91: interaction of political economy and economics.  |c B. Milanovic 
520 |a Poľský stabilizačný program z januára 1990 - podrobný výklad. Mesačné zmeny v tempách rastu cien a miezd 1990 v porovnaní s r. 1988-1989. Vývoj reálnych výmenných kurzov a reálnej diskontnej sadzby 1987-1990. Mesačné zmeny v tempe rastu inflácie. 
610 2 0 |a stabilizácia hospodárstva 
610 2 0 |a PR 
610 2 0 |a zvyšovanie cien 
610 2 0 |a mzdy 
610 2 0 |a 1988-1991 
610 2 0 |a kurz výmenný 
610 2 0 |a inflácia 
610 2 0 |a údaje štatistické 
610 2 0 |a programy vládne 
100 1 |a Milanovic, B.